Sylvie Fleury : (Record no. 832)
[ view plain ]
| 000 -LEADER | |
|---|---|
| campo de control de longitud fija | 01564mam a2200409 a 4500 |
| 001 - NÚMERO DE CONTROL | |
| campo de control | 2370113 |
| 005 - FECHA Y HORA DE LA ÚLTIMA TRANSACCIÓN | |
| campo de control | 20220326193341.0 |
| 008 - DATOS DE LONGITUD FIJA--INFORMACIÓN GENERAL | |
| campo de control de longitud fija | 990614s1998 sz a c 000 0 eng d |
| 020 ## - NÚMERO INTERNACIONAL ESTÁNDAR DEL LIBRO | |
| Número Internacional Estándar del Libro | 3907044800 |
| 035 ## - NÚMERO DE CONTROL DEL SISTEMA | |
| Número de control de sistema | (OCoLC)42764755 |
| 035 ## - NÚMERO DE CONTROL DEL SISTEMA | |
| Número de control de sistema | (OCoLC)ocm42764755 |
| 035 ## - NÚMERO DE CONTROL DEL SISTEMA | |
| Número de control de sistema | (NNC)2370113 |
| 040 ## - FUENTE DE CATALOGACIÓN | |
| Centro catalogador/agencia de origen | SLB |
| Centro/agencia transcriptor | SLB |
| Centro/agencia modificador | CStRLIN |
| -- | DNWM |
| -- | NNC |
| 041 0# - CÓDIGO DE IDIOMA | |
| Código de lengua del texto/banda sonora o título independiente | engfregeritapor |
| 090 ## - LOCALMENTE ASIGNADO TIPO-LC NÚMERO DE CLASIFICACIÓN (OCLC); NÚMERO DE CLASIFICACIÓN LOCAL (RLIN) | |
| Número de clasificación (OCLC) (R) ; Numero de clasificación, CALL (RLIN) (NR) | 700.74 |
| Número cutter local (OCLC) ; Número de libro/Signatura topográfica íntegra, CALL (RLIN) | F618f |
| 100 1# - ENTRADA PRINCIPAL--NOMBRE DE PERSONA | |
| Nombre de persona | Fleury, Sylvie, |
| Fechas asociadas al nombre | 1961- |
| 9 (RLIN) | 4540 |
| 245 10 - MENCIÓN DEL TÍTULO | |
| Título | Sylvie Fleury : |
| Resto del título | first spaceship on Venus and other vehicles : 24a Bienal Internacional de São Paulo em 1998, Suiça = 24th International Biennale of São Paulo 1998, Switzerland. |
| 246 30 - FORMA VARIANTE DEL TITULO | |
| Título propio/Titulo breve | First spaceship on Venus and other vehicles |
| 260 ## - PUBLICACIÓN, DISTRIBUCIÓN, ETC. | |
| Lugar de publicación, distribución, etc. | Baden : |
| Nombre del editor, distribuidor, etc. | L. Müller ; |
| Lugar de publicación, distribución, etc. | Berne : |
| Nombre del editor, distribuidor, etc. | Swiss Federal Office of Culture, |
| Fecha de publicación, distribución, etc. | 1998. |
| 300 ## - DESCRIPCIÓN FÍSICA | |
| Extensión | 144 p. |
| Otras características físicas | ill. (col.) ; |
| Dimensiones | 30 cm. |
| 546 ## - NOTA DE IDIOMA | |
| Nota de lengua/lenguaje | Text in English, Italian, French, German, and Portuguese. |
| 600 10 - PUNTO DE ACCESO ADICIONAL DE MATERIA--NOMBRE DE PERSONA | |
| Nombre de persona | Fleury, Sylvie, |
| Fechas asociadas al nombre | 1961- |
| Subdivisión de forma | Exhibiciones |
| 9 (RLIN) | 4541 |
| 650 ## - PUNTO DE ACCESO ADICIONAL DE MATERIA--TÉRMINO DE MATERIA | |
| Término de materia o nombre geográfico como elemento de entrada | Arte Moderno |
| 9 (RLIN) | 145 |
| 650 ## - PUNTO DE ACCESO ADICIONAL DE MATERIA--TÉRMINO DE MATERIA | |
| Término de materia o nombre geográfico como elemento de entrada | Bienal Internacional |
| Subdivisión cronológica | 1998 |
| Subdivisión geográfica | São Paulo |
| 9 (RLIN) | 4542 |
| 700 ## - ENTRADA AGREGADA--NOMBRE PERSONAL | |
| Nombre de persona | Lienhard, Pierre-André |
| Títulos y otros términos asociados al nombre | [Curador] |
| 9 (RLIN) | 4543 |
| 700 ## - ENTRADA AGREGADA--NOMBRE PERSONAL | |
| Nombre de persona | Bovier, Lionel |
| 9 (RLIN) | 4545 |
| 700 ## - ENTRADA AGREGADA--NOMBRE PERSONAL | |
| Nombre de persona | Cherix, Christophe |
| 9 (RLIN) | 4546 |
| 700 ## - ENTRADA AGREGADA--NOMBRE PERSONAL | |
| Nombre de persona | Decter, Joshua |
| 9 (RLIN) | 4102 |
| 700 ## - ENTRADA AGREGADA--NOMBRE PERSONAL | |
| Nombre de persona | Farwood, Cristina |
| 9 (RLIN) | 4547 |
| 700 ## - ENTRADA AGREGADA--NOMBRE PERSONAL | |
| Nombre de persona | Verzotti, Giorgio |
| 9 (RLIN) | 4548 |
| 700 ## - ENTRADA AGREGADA--NOMBRE PERSONAL | |
| Nombre de persona | Vett, Spark |
| 9 (RLIN) | 4549 |
| 700 ## - ENTRADA AGREGADA--NOMBRE PERSONAL | |
| Nombre de persona | Williams, Parker |
| 9 (RLIN) | 4550 |
| 700 ## - ENTRADA AGREGADA--NOMBRE PERSONAL | |
| Nombre de persona | Zwitchie, Pam |
| 9 (RLIN) | 4551 |
| 710 1# - ENTRADA AGREGADA--NOMBRE DE ENTIDAD CORPORATIVA | |
| Nombre de entidad corporativa o nombre de jurisdicción como elemento de entrada | Switzerland, |
| Unidad subordinada | Bundesamt für Kultur. |
| 9 (RLIN) | 4544 |
| 711 2# - ENTRADA AGREGADA--NOMBRE DE REUNIÓN | |
| Nombre de congreso/reunión o jurisdicción como elemento de entrada | Bienal Internacional de São Paulo |
| Número del congreso/reunión o número de parte o sección | (24th : |
| Fecha del congreso o de la firma del tratado | 1998) |
| 9 (RLIN) | 4517 |
| Estatus retirado | Estado de pérdida | Fuente del sistema de clasificación o colocación | Estado de daño | No para préstamo | Biblioteca de origen | Biblioteca actual | Ubicación en estantería | Fecha de adquisición | Total de préstamos | Signatura topográfica completa | Código de barras | Visto por última vez | Precio de reemplazo | Tipo de ítem Koha |
|---|---|---|---|---|---|---|---|---|---|---|---|---|---|---|
| Clasificación Decimal Dewey | Biblioteca LadoV | Biblioteca LadoV | 25/01/2016 | 700.74 F618f | 000752 | 25/01/2016 | 25/01/2016 | Material 01 |
